|
|
|
|
| LEADER |
00000nam0a2200000 4500 |
| 001 |
28843 |
| 005 |
20231101205856.0 |
| 010 |
|
|
|a 5859000448
|
| 035 |
|
|
|a (RuTPU)RU\TPU\book\29100
|
| 035 |
|
|
|a BOOK00029175
|
| 090 |
|
|
|a 28843
|
| 100 |
|
|
|a 20011209d1992 k y0rusy50 ca
|
| 101 |
0 |
|
|a rus
|
| 102 |
|
|
|a RU
|
| 105 |
|
|
|a a z 000zy
|
| 200 |
1 |
|
|a Методы финансовых и коммерческих расчетов
|f Е. М. Четыркин
|
| 210 |
|
|
|a Москва
|c Дело
|d 1992
|
| 215 |
|
|
|a 319 с.
|c ил.
|
| 606 |
1 |
|
|a Финансовые вычисления
|2 stltpush
|3 (RuTPU)RU\TPU\subj\37206
|9 58311
|
| 610 |
1 |
|
|a экономика
|
| 610 |
1 |
|
|a финансовые расчеты
|
| 610 |
1 |
|
|a коммерческие расчеты
|
| 610 |
1 |
|
|a проценты
|
| 610 |
1 |
|
|a платежи
|
| 610 |
1 |
|
|a количественный финансовый анализ
|
| 610 |
1 |
|
|a кредиты
|
| 610 |
1 |
|
|a ценные бумаги
|
| 610 |
1 |
|
|a вексели
|
| 686 |
|
|
|a У9(2)262.3
|v LBC/SL-A
|2 rubbk
|
| 700 |
|
1 |
|a Четыркин
|b Е. М.
|g Евгений Михайлович
|
| 801 |
|
0 |
|a RU
|b 63413507
|c 20011209
|g PSBO
|
| 801 |
|
2 |
|a RU
|b 63413507
|c 20191106
|g PSBO
|
| 942 |
|
|
|c BK
|